| 000 | 01298cam a2200373 4500 | ||
|---|---|---|---|
| 001 | ABS61565 | ||
| 008 | 000000n1999 000 0 eng u | ||
| 035 | _a(Sirsi) u102599 | ||
| 100 | _aWilkinson, H. W. | ||
| 245 | _aTenants who torment others - landlords' responsibilities | ||
| 260 | _c1999 | ||
| 490 |
_aNew Law Journal _v149(6913) 19 November 1999, 1722-1724(3) |
||
| 520 | _aUses the case "Hussain v Lancaster City Council" to illustrate the responsibilities of landlords with regard to threatening behaviour or harassment on the part of their tenants, directed at other tenants. | ||
| 590 | _aABS | ||
| 650 | _aNUISANCE | ||
| 650 | _aNEGLIGENCE | ||
| 650 | _aLANDLORDS OBLIGATIONS | ||
| 650 | _aHUSSAIN V LANCASTER CC | ||
| 650 | _aHARASSMENT | ||
| 650 | _aPAGE MOTORS V EPSOM AND EWELL BC | ||
| 650 | _aSMITH V SCOTT | ||
| 650 | _aLIPPIATT V SOUTH GLOUCESTERSHIRE COUNCIL | ||
| 650 | _aCHARTERED TRUST PLC V DAVIES | ||
| 650 | _aHARRIS V JAMES | ||
| 650 | _aSEDLEIGH-DENFIELD V O'CALLAGHAN | ||
| 650 | _aMALZY V EICHHOLZ | ||
| 650 | _aMATANIA V NAT PROV BANK | ||
| 650 | _aO'LEARY V ISLINGTON LBC | ||
| 650 | _aDONOGHUE V STEVENSON | ||
| 650 | _aSTOVIN V WISE | ||
| 650 | _aX V BEDFORDSHIRE CC | ||
| 690 | _aPROPERTY-LANDLORD AND TENANT | ||
| 942 | _n0 | ||
| 999 |
_c61599 _d61599 |
||